[Event "Championnat de France - Veterans"]
[Site "Belfort - SNPHHUATVS"]
[Date "2010.??.??"]
[Round "9.9"]
[White "Hirschmann, Georges"]
[Black "Tholey, Jean-Paul"]
[Result "0-1"]
[WhiteElo "1864"]
[BlackElo "1998"]
[PlyCount "86"]

1. e4 e6 2. d4 d5 3. Nd2 c5 4. exd5 Qxd5 5. Ngf3 cxd4 6. Bc4 Qd6 7. Nb3 Qb4+ 8.
Nbd2 Nc6 9. O-O Nf6 10. Qe2 Be7 11. a3 Qd6 12. b4 O-O 13. Nb3 e5 14. b5 e4 15.
bxc6 exf3 16. Qxf3 bxc6 17. Rd1 Bg4 18. Rxd4 Bxf3 19. Rxd6 Bxd6 20. gxf3 Rfe8
21. Be3 Nd5 22. Bc5 Bxc5 23. Nxc5 Nf4 24. Nd3 Nxd3 25. Bxd3 Rab8 26. Bc4 Re5
27. Rd1 Rbe8 28. Rd7 R5e7 29. Rd4 g6 30. Kg2 Kg7 31. Rd6 c5 32. Rd5 Re5 33. Rd7
R8e7 34. Rd6 Rc7 35. Kg3 Re1 36. Ra6 Rc1 37. Bb3 c4 38. Ba4 Kf8 39. f4 Ke7 40.
h3 Kd8 41. Rd6+ Kc8 42. Bb5 Rc5 43. a4 Rxc2 0-1

[Event "Championnat de France - Veterans"]
[Site "Belfort - SNPHHUATVS"]
[Date "2010.??.??"]
[Round "9.10"]
[White "Violeau, Jean-Luc"]
[Black "Meyer, Henri-Michel"]
[Result "1/2-1/2"]
[WhiteElo "1937"]
[BlackElo "1849"]
[PlyCount "44"]

1. Nf3 Nf6 2. c4 c5 3. Nc3 d6 4. g3 g6 5. Bg2 Bg7 6. O-O O-O 7. d4 Na6 8. Bf4
Bd7 9. d5 Nc7 10. Qd2 b5 11. cxb5 Nxb5 12. Rac1 Nxc3 13. bxc3 Qa5 14. c4 Qxd2
15. Nxd2 Rfb8 16. Rb1 Nh5 17. Rxb8+ Rxb8 18. Rb1 Rxb1+ 19. Nxb1 Nxf4 20. gxf4
Bf5 21. Nd2 Bc2 22. Be4 Bc3 1/2-1/2

[Event "Championnat de France - Veterans"]
[Site "Belfort - SNPHHUATVS"]
[Date "2010.??.??"]
[Round "10.1"]
[White "Degrave, Jack"]
[Black "Letzelter, Jean-Claude"]
[Result "0-1"]
[WhiteElo "2003"]
[BlackElo "2165"]
[PlyCount "86"]

1. d4 d5 2. Bf4 e6 3. e3 c5 4. c3 Nc6 5. Nf3 Bd6 6. Bxd6 Qxd6 7. Nbd2 Nf6 8.
Bd3 O-O 9. e4 cxd4 10. cxd4 dxe4 11. Nxe4 Qb4+ 12. Qd2 Rd8 13. Rd1 Nd5 14. O-O
Qxd2 15. Rxd2 b6 16. Nc3 Nce7 17. Rfd1 Bb7 18. Nxd5 Bxd5 19. b3 Bxf3 20. gxf3
Rac8 21. Bc4 Rc6 22. Kg2 Rcd6 23. Rd3 Nc6 24. d5 Nb4 25. R3d2 Kf8 26. Kg3 Ke7
27. Kf4 Nxd5+ 28. Bxd5 exd5 29. Ke5 Re6+ 30. Kd4 Rh6 31. Rh1 Rh3 32. Ke3 g5 33.
Rd4 f5 34. Ke2 f4 35. Rhd1 Ke6 36. Rc1 Rd7 37. Rc8 Rxh2 38. Rg8 Kf6 39. Rf8+
Ke5 40. Rd2 Rh1 41. Rc2 h5 42. Rc6 Re7 43. Rg8 Kd4+ 0-1

[Event "Championnat de France - Veterans"]
[Site "Belfort - SNPHHUATVS"]
[Date "2010.??.??"]
[Round "10.2"]
[White "Goldenberg, Richard"]
[Black "Nemety, Laszlo"]
[Result "1-0"]
[WhiteElo "2356"]
[BlackElo "2091"]
[PlyCount "45"]

1. c4 e6 2. Nf3 Nf6 3. g3 Nc6 4. Bg2 d6 5. O-O g6 6. d4 Bg7 7. Nc3 O-O 8. e4
Nd7 9. Bg5 f6 10. Be3 Ne7 11. Re1 a5 12. Qc2 e5 13. Rad1 b6 14. a3 h6 15. b4
axb4 16. axb4 Bb7 17. c5 f5 18. dxe5 fxe4 19. exd6 cxd6 20. Nxe4 dxc5 21. bxc5
Bxe4 22. Qxe4 Kh7 23. Nh4 1-0

[Event "Championnat de France - Veterans"]
[Site "Belfort - SNPHHUATVS"]
[Date "2010.??.??"]
[Round "10.3"]
[White "Hoyer, Hans-Gerd"]
[Black "Negre, Albert"]
[Result "0-1"]
[WhiteElo "2078"]
[BlackElo "2098"]
[PlyCount "84"]

1. e4 e5 2. Bc4 Nf6 3. d4 exd4 4. Nf3 Nc6 5. O-O Bc5 6. e5 d5 7. exf6 dxc4 8.
Re1+ Be6 9. Ng5 Qd5 10. Nc3 Qf5 11. Nce4 O-O-O 12. g4 Qe5 13. fxg7 Rhg8 14.
Nxe6 fxe6 15. Bh6 d3 16. c3 d2 17. Re2 Rd3 18. Qf1 Qd5 19. Rd1 Ne5 20. Qg2 Nf3+
21. Kf1 Nh4 22. Qg1 Nf3 23. Qg3 Be7 24. Qf4 e5 25. Qf5+ Kb8 26. Qh5 b5 27. g5
Qe6 28. Kg2 Qf5 29. Ng3 Qe6 30. h3 Ne1+ 31. Kf1 Nf3 32. Kg2 Ne1+ 33. Kh2 Nf3+
34. Kh1 Bxg5 35. Bxg5 Rxg7 36. Bf4 Qc6 37. Qh6 Rg6 38. Qf8+ Kb7 39. Qb4 exf4
40. Ne4 Rg5 41. a4 Ne1 42. Kh2 Rg2+ 0-1

[Event "Championnat de France - Veterans"]
[Site "Belfort - SNPHHUATVS"]
[Date "2010.??.??"]
[Round "10.4"]
[White "Brongers, Henk"]
[Black "Belluire, Patrice"]
[Result "1/2-1/2"]
[WhiteElo "2062"]
[BlackElo "1982"]
[PlyCount "102"]

1. e4 d5 2. exd5 Nf6 3. Bb5+ Bd7 4. Be2 Bf5 5. d4 Nxd5 6. Nf3 e6 7. a3 Nc6 8.
O-O Be7 9. b4 a6 10. c4 Nb6 11. Be3 Bf6 12. h3 h6 13. Nc3 O-O 14. Ra2 a5 15. b5
Ne7 16. Ne5 Bxe5 17. dxe5 Qc8 18. Bc5 Rd8 19. Rd2 Rxd2 20. Qxd2 Qe8 21. Rd1 Bh7
22. g4 Ng6 23. Qd4 Rb8 24. a4 Qc8 25. Ba3 Nf8 26. c5 Nbd7 27. Ne4 Bxe4 28. Qxe4
Qe8 29. f4 Kh8 30. g5 hxg5 31. c6 bxc6 32. bxc6 Nb6 33. fxg5 Ng6 34. h4 Rd8 35.
Bd3 Rd5 36. Bb2 Qxc6 37. h5 Nf8 38. Ba3 Nbd7 39. Kh1 Qc3 40. Bxf8 Nxf8 41. h6
gxh6 42. gxh6 Ng6 43. Qf3 Qxe5 44. Rc1 Qg5 45. Rxc7 Qxh6+ 46. Kg1 Qg5+ 47. Kf1
Ne5 48. Qh3+ Kg7 49. Qh7+ Kf6 50. Qh8+ Qg7 51. Qh4+ Qg5 1/2-1/2

[Event "Championnat de France - Veterans"]
[Site "Belfort - SNPHHUATVS"]
[Date "2010.??.??"]
[Round "10.5"]
[White "Peyrin, Jean"]
[Black "Fallet, Didier"]
[Result "1-0"]
[WhiteElo "1938"]
[BlackElo "2000"]
[PlyCount "69"]

1. d4 d5 2. c4 c6 3. Nf3 Nf6 4. Nc3 dxc4 5. a4 Bf5 6. e3 e6 7. Bxc4 Bb4 8. O-O
O-O 9. Qe2 Qe7 10. e4 Bg4 11. Bg5 e5 12. dxe5 Bxf3 13. Qxf3 Qxe5 14. Bxf6 gxf6
15. Rad1 Bd6 16. Qg3+ Qxg3 17. hxg3 Bc7 18. Rd3 Na6 19. Rd7 Bb6 20. Rfd1 Nc5
21. R7d6 Rad8 22. b4 Ne6 23. a5 Bc7 24. Rd7 Be5 25. Ne2 Rxd7 26. Rxd7 Nd8 27.
f4 Bb8 28. Nd4 b6 29. axb6 axb6 30. Nf5 Ne6 31. Ne7+ Kg7 32. Nxc6 Rc8 33. b5
Nc5 34. Rxf7+ Kg6 35. Ne7+ 1-0

[Event "Championnat de France - Veterans"]
[Site "Belfort - SNPHHUATVS"]
[Date "2010.??.??"]
[Round "10.6"]
[White "Tholey, Jean-Paul"]
[Black "Cortes, Jaime"]
[Result "1-0"]
[WhiteElo "1998"]
[BlackElo "1948"]
[PlyCount "113"]

1. d4 e6 2. c4 f5 3. Nc3 Bb4 4. e3 Nf6 5. Bd3 O-O 6. Nge2 b6 7. a3 Bxc3+ 8.
Nxc3 Bb7 9. O-O d6 10. b4 Qe8 11. Bb2 Qg6 12. f3 a6 13. Qe2 Nbd7 14. e4 Nh5 15.
Qd2 Rae8 16. Rae1 Qf7 17. Bc1 f4 18. e5 Kh8 19. Qc2 g6 20. Bb2 dxe5 21. dxe5
Qe7 22. Be4 c6 23. Bd3 c5 24. b5 Qh4 25. Be4 Bc8 26. Bc6 Ng3 27. Rf2 Nf5 28.
Ne4 axb5 29. cxb5 Re7 30. Nd6 Nd4 31. Bxd4 cxd4 32. Qe4 Nc5 33. Qxd4 Ra7 34.
Qc3 Bd7 35. Bxd7 Rxd7 36. Rd1 Ra8 37. Rfd2 Rda7 38. Nc4 Kg7 39. Nxb6 Na4 40.
Nxa4 Rxa4 41. Qc6 Rxa3 42. Qxe6 Re3 43. Qf6+ Qxf6 44. exf6+ Kxf6 45. Rb2 Ke6
46. b6 Rb8 47. b7 Rc3 48. Rd4 g5 49. Rb5 h6 50. h4 Kf6 51. Rd6+ Kg7 52. hxg5
Rc1+ 53. Kh2 hxg5 54. Rxg5+ Kf7 55. Rf5+ Ke7 56. Rh6 Rc4 57. Rh4 1-0

[Event "Championnat de France - Veterans"]
[Site "Belfort - SNPHHUATVS"]
[Date "2010.??.??"]
[Round "10.7"]
[White "Cousin, Philippe"]
[Black "Gibson, John"]
[Result "1-0"]
[WhiteElo "1957"]
[BlackElo "1871"]
[PlyCount "57"]

1. d4 f5 2. Nf3 e6 3. c4 Nf6 4. Nc3 Be7 5. g3 O-O 6. Bg2 d6 7. O-O a5 8. Re1
Ne4 9. Nd2 Nxc3 10. bxc3 Nd7 11. e4 f4 12. Nf3 fxg3 13. fxg3 e5 14. Rf1 Bf6 15.
Be3 Nb6 16. Nd2 Bd7 17. Rb1 Rb8 18. d5 Qe7 19. Qe2 Na4 20. Qd3 b6 21. Qc2 Bg5
22. Bf2 Rxf2 23. Kxf2 Nc5 24. Kg1 Ba4 25. Nb3 Be3+ 26. Kh1 Qg5 27. Qe2 Nxb3 28.
axb3 Bd7 29. Qf3 1-0

[Event "Championnat de France - Veterans"]
[Site "Belfort - SNPHHUATVS"]
[Date "2010.??.??"]
[Round "10.9"]
[White "Meyer, Henri-Michel"]
[Black "Rodriguez, Jean-Pierre"]
[Result "1/2-1/2"]
[WhiteElo "1849"]
[BlackElo "1910"]
[PlyCount "138"]

1. d4 Nf6 2. c4 e6 3. Nc3 d5 4. e3 Nbd7 5. Nf3 Bd6 6. c5 Be7 7. Bd3 c6 8. Bd2
O-O 9. O-O e5 10. dxe5 Ng4 11. Qc2 g6 12. e6 Nxc5 13. h3 Nxd3 14. Qxd3 Nf6 15.
exf7+ Rxf7 16. Qe2 Bf5 17. Rfd1 Qc7 18. Ng5 Rg7 19. e4 dxe4 20. Ngxe4 Nxe4 21.
Nxe4 Rf7 22. Bc3 Raf8 23. Rd2 Qf4 24. Ng3 Bc5 25. Nxf5 Qxf5 26. Rf1 Bb6 27. Qe5
Qxe5 28. Bxe5 Re8 29. Bc3 g5 30. g3 h6 31. Kg2 Kh7 32. Rfd1 Ref8 33. Rd7 Kg8
34. f3 Re8 35. Rxf7 Kxf7 36. Rd7+ Re7 37. Rxe7+ Kxe7 38. Kf1 h5 39. Ke2 Ke6 40.
g4 hxg4 41. fxg4 Bd8 42. b3 a5 43. Kd3 Kd5 44. a4 b6 45. Bd4 Bc7 46. Be3 Bd8
47. Bd4 b5 48. Be3 bxa4 49. bxa4 c5 50. Bd2 c4+ 51. Kc2 Kd4 52. Bc1 c3 53. Ba3
Kc4 54. Bd6 Bf6 55. Bf8 Kd4 56. Bd6 Kc4 57. Bf8 Bd4 58. Be7 Be3 59. h4 gxh4 60.
Bxh4 Kb4 61. Be7+ Kxa4 62. Kxc3 Kb5 63. g5 a4 64. g6 Bh6 65. Bf6 Kc5 66. Kb2
Kb4 67. Ka2 Kb5 68. Ka3 Bf8+ 69. Ka2 Kc4 1/2-1/2

[Event "Championnat de France - Veterans"]
[Site "Belfort - SNPHHUATVS"]
[Date "2010.??.??"]
[Round "10.10"]
[White "Carrot, Patrick"]
[Black "Pinchon, Henri"]
[Result "1/2-1/2"]
[WhiteElo "1835"]
[BlackElo "1901"]
[PlyCount "41"]

1. e4 c5 2. Nf3 e6 3. d4 cxd4 4. Nxd4 a6 5. c4 d6 6. Nc3 Nf6 7. Bd3 Be7 8. O-O
O-O 9. b3 Qc7 10. Bb2 Nbd7 11. Rc1 b6 12. Kh1 Bb7 13. Qe2 Rac8 14. f4 Qb8 15.
Nf3 h6 16. Rcd1 Rcd8 17. Bb1 Rfe8 18. Ba3 Qc7 19. Bb2 Qb8 20. Ba3 Qc7 21. Bb2
1/2-1/2

[Event "Championnat de France - Veterans"]
[Site "Belfort - SNPHHUATVS"]
[Date "2010.??.??"]
[Round "11.1"]
[White "Letzelter, Jean-Claude"]
[Black "Peyrin, Jean"]
[Result "1/2-1/2"]
[WhiteElo "2165"]
[BlackElo "1938"]
[PlyCount "25"]
[EventDate "2010.??.??"]

1. e4 c5 2. Nf3 e6 3. d4 cxd4 4. Nxd4 Nc6 5. Be3 Nf6 6. Nxc6 bxc6 7. Bd3 Be7 8.
O-O e5 9. f4 d6 10. h3 O-O 11. fxe5 dxe5 12. Nd2 Be6 13. Qf3 1/2-1/2

[Event "Championnat de France - Vétérans"]
[Site "Belfort - SNPHHUATVS"]
[Date "2010.??.??"]
[Round "11.2"]
[White "Brongers, Henk"]
[Black "Goldenberg, Richard"]
[Result "1/2-1/2"]
[WhiteElo "2062"]
[BlackElo "2356"]
[PlyCount "68"]
[EventDate "2010.??.??"]

1. e4 g6 2. d4 Bg7 3. Nc3 d6 4. Be3 a6 5. Qd2 Nd7 6. h4 h5 7. Nh3 b5 8. Ng5 Bb7
9. f3 c5 10. a4 b4 11. Nd1 Qa5 12. Bc4 Nh6 13. dxc5 Nxc5 14. Bd4 O-O 15. g4
Rac8 16. Bxg7 Kxg7 17. Bd5 Bxd5 18. exd5 f6 19. Qd4 hxg4 20. fxg4 Kg8 21. Nh3
e5 22. dxe6 Nxe6 23. Qe3 Qe5 24. Qxe5 fxe5 25. Ne3 Rf3 26. Kd2 Nd4 27. Raf1
Rxe3 28. Kxe3 Rxc2 29. Kd3 Kg7 30. Ng5 Rxb2 31. Kc4 Nxg4 32. Rf7+ Kg8 33. Kd5
Rd2 34. Rb7 b3 1/2-1/2

[Event "Championnat de France - Vétérans"]
[Site "Belfort - SNPHHUATVS"]
[Date "2010.??.??"]
[Round "11.4"]
[White "Nemety, Laszlo"]
[Black "Cousin, Philippe"]
[Result "1-0"]
[WhiteElo "2091"]
[BlackElo "1957"]
[PlyCount "77"]
[EventDate "2010.??.??"]

1. d4 Nf6 2. e3 d5 3. Ne2 e6 4. g3 Bd6 5. Bg2 O-O 6. O-O c6 7. b3 Nbd7 8. c4
Re8 9. Nbc3 b6 10. e4 dxe4 11. Nxe4 Nxe4 12. Bxe4 Bb7 13. Bb2 Nf6 14. Bg2 Qe7
15. a4 a5 16. Nc3 Rad8 17. Qc2 c5 18. d5 exd5 19. cxd5 Ba6 20. Rfd1 Rc8 21. Bf1
c4 22. bxc4 Bxc4 23. Bxc4 Rxc4 24. Qd3 Rec8 25. Re1 Qd8 26. Nb5 Bb4 27. Red1
Rc2 28. Ba3 Bxa3 29. Rxa3 Ng4 30. Qf5 R8c4 31. Rf3 Nh6 32. Qd3 Ng4 33. Qf5 Nh6
34. Qh5 Rxa4 35. d6 Rc5 36. Rd5 Ra1+ 37. Kg2 Rcc1 38. d7 Rc5 39. Re3 1-0

[Event "Championnat de France - Vétérans"]
[Site "Belfort - SNPHHUATVS"]
[Date "2010.??.??"]
[Round "11.5"]
[White "Belluire, Patrice"]
[Black "Hoyer, Hans-Gerd"]
[Result "1-0"]
[WhiteElo "1982"]
[BlackElo "2078"]
[PlyCount "139"]
[EventDate "2010.??.??"]

1. e4 g6 2. d4 Bg7 3. Nc3 d6 4. Nf3 a6 5. a4 Bg4 6. Be2 Nc6 7. Be3 Bxf3 8. Bxf3
e5 9. dxe5 Nxe5 10. Be2 Ne7 11. O-O O-O 12. f4 Nd7 13. Bd4 Nc6 14. Bxg7 Kxg7
15. Nd5 Nf6 16. Bf3 a5 17. Qd2 Nxd5 18. exd5 Nb4 19. Be2 c6 20. dxc6 bxc6 21.
c3 Nd5 22. Rf3 Nf6 23. Qd4 c5 24. Qd2 Re8 25. Bb5 Re7 26. f5 Ne4 27. Qf4 Nf6
28. fxg6 Re4 29. Qd2 fxg6 30. Bc6 Ra7 31. Bxe4 Nxe4 32. Qd5 Nf6 33. Qg5 h6 34.
Qf4 d5 35. Raf1 Ra6 36. Qe5 Rc6 37. h4 h5 38. Rf4 Qd6 39. Qxd6 Rxd6 40. R4f3
Re6 41. Rd1 Re4 42. Rdf1 Re6 43. g3 Kf7 44. Rd1 Rd6 45. Re1 Rd7 46. Rfe3 Ne4
47. c4 Nf6 48. cxd5 Rxd5 49. Re7+ Kf8 50. R7e6 Ng4 51. Rc6 Ne5 52. Rf1+ Ke7 53.
Rb6 Kd7 54. Kg2 Ng4 55. Rf7+ Ke8 56. Rbb7 Ne5 57. Rh7 Nd7 58. Ra7 Kd8 59. b3
Rd2+ 60. Kf1 Rd3 61. Ke2 Rd6 62. Rg7 Re6+ 63. Kd2 Rd6+ 64. Kc3 Rd1 65. Rxg6 Ke7
66. Rxa5 Kf7 67. Rh6 Kg7 68. Rxh5 Nf6 69. Rg5+ Kf7 70. Kc2 1-0

[Event "Championnat de France - Veterans"]
[Site "Belfort - SNPHHUATVS"]
[Date "2010.??.??"]
[Round "11.6"]
[White "Birens, Eric-Andre"]
[Black "Meyer, Henri-Michel"]
[Result "1/2-1/2"]
[WhiteElo "2024"]
[BlackElo "1849"]
[PlyCount "94"]
[EventDate "2010.??.??"]

1. d4 Nf6 2. c4 e6 3. Nc3 Bb4 4. a3 Bxc3+ 5. bxc3 c5 6. e3 O-O 7. Bd3 d5 8.
cxd5 exd5 9. Ne2 b6 10. O-O Ba6 11. f3 Re8 12. Ng3 Bxd3 13. Qxd3 cxd4 14. cxd4
Nc6 15. Bb2 Na5 16. Rae1 Qd7 17. e4 Nc4 18. Ba1 Qa4 19. e5 Nd7 20. f4 Qxa3 21.
Qf5 Nf8 22. Rf3 Qe7 23. Nh5 f6 24. Rg3 Ng6 25. Qd3 Qf7 26. Nxg7 Qxg7 27. f5
fxe5 28. dxe5 Rad8 29. fxg6 h5 30. Qf5 Nd6 31. Qxh5 Ne4 32. Rf3 Re6 33. Rf7
Qxg6 34. Qxg6+ Rxg6 35. Rxa7 Rg7 36. Rxg7+ Kxg7 37. Bd4 Rb8 38. Rb1 b5 39. Rb4
Kf7 40. g4 Ke6 41. Kg2 Ng5 42. h4 Nf7 43. h5 Nxe5 44. Bxe5 Kxe5 45. h6 d4 46.
h7 Rh8 47. Rxb5+ Kf4 1/2-1/2

[Event "Championnat de France - Veterans"]
[Site "Belfort - SNPHHUATVS"]
[Date "2010.??.??"]
[Round "11.7"]
[White "Pinchon, Henri"]
[Black "Degrave, Jack"]
[Result "1-0"]
[WhiteElo "1901"]
[BlackElo "2003"]
[PlyCount "51"]
[EventDate "2010.??.??"]

1. e4 e6 2. d4 d5 3. exd5 exd5 4. Bd3 Bd6 5. Nf3 Ne7 6. O-O Nbc6 7. c3 Bg4 8.
Re1 Qd7 9. Nbd2 O-O-O 10. Qc2 h6 11. b4 Rde8 12. a4 g5 13. Ba3 Rhg8 14. b5 Nd8
15. Bxd6 cxd6 16. c4 Kb8 17. c5 Ne6 18. Rec1 Nf4 19. c6 Qc7 20. Bf1 Bf5 21. Qb3
Be4 22. a5 Nc8 23. b6 axb6 24. cxb7 Qxb7 25. axb6 Bxf3 26. Rc7 1-0

[Event "Championnat de France - Veterans"]
[Site "Belfort - SNPHHUATVS"]
[Date "2010.??.??"]
[Round "11.8"]
[White "Fallet, Didier"]
[Black "Rosenfeld, Imre"]
[Result "1/2-1/2"]
[WhiteElo "2000"]
[BlackElo "1866"]
[PlyCount "49"]
[EventDate "2010.??.??"]

1. c4 b6 2. d4 Bb7 3. Nc3 e6 4. e4 Bb4 5. Bd3 Nf6 6. Qe2 d6 7. Nf3 Nbd7 8. O-O
Bxc3 9. bxc3 e5 10. Ba3 c5 11. Rad1 Qe7 12. Rfe1 Nf8 13. Bc2 Bc6 14. Nh4 g6 15.
f4 Nh5 16. fxe5 dxe5 17. Nf3 Nd7 18. Bc1 h6 19. dxe5 Nxe5 20. Rd5 Nxf3+ 21.
Qxf3 Bxd5 22. cxd5 Qf6 23. Ba4+ Kf8 24. Qe3 Qe5 25. Rf1 1/2-1/2

[Event "Championnat de France - Vétérans"]
[Site "Belfort - SNPHHUATVS"]
[Date "2010.??.??"]
[Round "11.10"]
[White "Marbot, Raymond"]
[Black "Andrieu, Philippe"]
[Result "1-0"]
[WhiteElo "1882"]
[BlackElo "1935"]
[PlyCount "103"]
[EventDate "2010.??.??"]

1. e4 Nc6 2. d4 e5 3. dxe5 Nxe5 4. Nf3 Nc6 5. Bc4 d6 6. Nc3 Be7 7. h3 Nf6 8.
O-O O-O 9. Re1 Bd7 10. a3 Ne5 11. Nxe5 dxe5 12. Be3 c6 13. Qf3 b5 14. Bd3 a5
15. Red1 Qc7 16. Ne2 c5 17. Ng3 c4 18. Be2 Bc6 19. b3 cxb3 20. cxb3 Qb7 21. Bd3
Rad8 22. Bg5 Ne8 23. Bxe7 Qxe7 24. Rac1 Qb7 25. Rc5 f5 26. Nxf5 Rxd3 27. Rxd3
Bxe4 28. Qe2 Bxf5 29. Rdd5 Bd7 30. Rxe5 Bc6 31. Re7 Bd7 32. Qg4 Bxg4 33. Rxb7
Be2 34. Re7 a4 35. Rxe2 Nd6 36. bxa4 bxa4 37. Ra5 Rf4 38. Ra7 h6 39. Ree7 Nb5
40. Rxg7+ Kf8 41. Rab7 Nd6 42. Rbd7 Rf6 43. Rg4 Ke8 44. Ra7 Kf8 45. Rb4 Ne8 46.
Rb8 Rc6 47. Raa8 Rc1+ 48. Kh2 Re1 49. Rxa4 Ke7 50. Ra7+ Kd6 51. Rb6+ Ke5 52.
Rxh6 1-0